[Event "14th Iranian Super League (Men - 1st Season) 2015 "]
[Site "Mazandaran (Sari)"]
[Date "2015.07.18"]
[Round "2"]
[Board "4"]
[White "Mirzoev, Azer"]
[Black "Faghirnavaz, Ali"]
[Result "1-0"]
[WhiteElo "2553"]
[BlackElo "2327"]
[PlyCount "0"]
[EventDate "2015.07.17"]
[EventType "team"]
[EventRounds "13"]
[EventCountry "IRI"]
[WhiteTeam "Shahrdari Tabriz"]
[BlackTeam "Perspolis Tehran"]

1. d4 {[%clk 1:27:36]} Nf6 {[%clk 1:30:02]} 2. Nf3 {[%clk 1:27:56]} e6
{[%clk 1:29:38]} 3. c4 {[%clk 1:26:31]} c5 {[%clk 1:26:58]} 4. d5
{[%clk 1:26:56]} exd5 {[%clk 1:27:06]} 5. cxd5 {[%clk 1:27:22]} d6
{[%clk 1:27:30]} 6. Nc3 {[%clk 1:27:44]} g6 {[%clk 1:27:30]} 7. Bf4
{[%clk 1:26:15]} a6 {[%clk 1:27:08]} 8. a4 {[%clk 1:26:40]} Bg7 {[%clk 1:26:43]}
9. e3 {[%clk 1:27:00]} Nh5 {[%clk 1:10:01]} 10. Bg5 {[%clk 1:21:29]} Qc7
{[%clk 1:00:20]} 11. Be2 {[%clk 1:20:56]} Bg4 {[%clk 0:48:30]} 12. h3
{[%clk 1:17:01]} Bxf3 {[%clk 0:48:26]} 13. Bxf3 {[%clk 1:17:26]} Nf6
{[%clk 0:48:37]} 14. O-O {[%clk 1:17:37]} O-O {[%clk 0:48:38]} 15. Qc2
{[%clk 1:15:21]} Nbd7 {[%clk 0:46:38]} 16. Be2 {[%clk 1:15:28]} c4
{[%clk 0:39:30]} 17. Rfd1 Qc5 18. a5 {[%clk 1:08:00]} Qc7 {[%clk 0:14:55]} 19.
Bf4 {[%clk 1:02:02]} b5 {[%clk 0:11:29]} 20. axb6 {[%clk 1:02:19]} Nxb6
{[%clk 0:11:53]} 21. Ra5 {[%clk 1:01:59]} Rfd8 {[%clk 0:04:03]} 22. Rda1
{[%clk 0:58:34]} Qc8 {[%clk 0:01:29]} 23. e4 {[%clk 0:56:43]} Bf8
{[%clk 0:01:19]} 24. Bg5 {[%clk 0:51:44]} Bg7 {[%clk 0:00:42]} 25. Qd2
{[%clk 0:51:16]} Nbd7 {[%clk 0:00:33]} 26. Qf4 {[%clk 0:48:50]} h6
{[%clk 0:00:32]} 27. Bxh6 {[%clk 0:48:27]} Bxh6 {[%clk 0:01:00]} 28. Qxh6
{[%clk 0:48:48]} Nc5 {[%clk 0:01:27]} 29. Qf4 {[%clk 0:47:50]} Nfd7
{[%clk 0:00:38]} 30. Bxc4 {[%clk 0:35:08]} Ne5 {[%clk 0:01:06]} 31. Ba2
{[%clk 0:35:25]} Qb8 {[%clk 0:00:34]} 32. Rb1 {[%clk 0:30:54]} Qb6
{[%clk 0:00:31]} 33. Ra3 {[%clk 0:28:36]} Ncd3 {[%clk 0:00:32]} 34. Qd2
{[%clk 0:27:46]} Rdc8 {[%clk 0:00:32]} 35. Nd1 {[%clk 0:24:56]} Nb4
{[%clk 0:00:33]} 36. Ne3 {[%clk 0:24:00]} a5 {[%clk 0:00:39]} 37. Bb3
{[%clk 0:22:31]} Rc5 {[%clk 0:00:32]} 38. Kh2 {[%clk 0:22:04]} Re8
{[%clk 0:00:31]} 39. f4 {[%clk 0:18:30]} Ned3 {[%clk 0:00:37]} 40. Ng4
{[%clk 0:14:37]} Qd8 {[%clk 0:00:56]} 41. e5 {[%clk 0:09:11]} dxe5
{[%clk 0:01:13]} 42. f5 {[%clk 0:09:38]} gxf5 {[%clk 0:00:33]} 43. Nh6+
{[%clk 0:10:02]} Kf8 {[%clk 0:00:54]} 44. Nxf5 {[%clk 0:10:27]} Qf6
{[%clk 0:01:13]} 45. Rf1 {[%clk 0:09:43]} e4 {[%clk 0:01:13]} 46. Ng3
{[%clk 0:07:53]} Qxb2 {[%clk 0:00:32]} 47. Qh6+ {[%clk 0:07:03]} Ke7
{[%clk 0:00:31]} 48. Nf5+ {[%clk 0:04:29]} Kd8 {[%clk 0:00:52]} 49. Qb6+
{[%clk 0:04:43]} 1-0

[Event "14th Iranian Super League (Men - 1st Season) 2015 "]
[Site "Mazandaran (Sari)"]
[Date "2015.07.18"]
[Round "2"]
[Board "2"]
[White "Sharbaf, Mohsen"]
[Black "Darini, Pouria"]
[Result "1/2-1/2"]
[WhiteElo "2355"]
[BlackElo "2479"]
[PlyCount "0"]
[EventDate "2015.07.17"]
[EventType "team"]
[EventRounds "13"]
[EventCountry "IRI"]
[WhiteTeam "Damoon sakht Shomal"]
[BlackTeam "Esteghlal Tehran"]

1. Nf3 Nf6 {[%clk 1:29:21]} 2. e3 {[%clk 1:30:41]} g6 {[%clk 1:29:30]} 3. b3
{[%clk 1:31:05]} Bg7 {[%clk 1:29:56]} 4. Bb2 {[%clk 1:31:31]} O-O
{[%clk 1:30:17]} 5. Be2 {[%clk 1:31:59]} d6 {[%clk 1:27:44]} 6. O-O
{[%clk 1:32:23]} e5 {[%clk 1:27:49]} 7. c4 {[%clk 1:30:59]} e4 {[%clk 1:27:15]}
8. Ne1 {[%clk 1:30:40]} Nc6 {[%clk 1:25:29]} 9. d4 {[%clk 1:30:02]} exd3
{[%clk 1:22:05]} 10. Nxd3 {[%clk 1:30:14]} Re8 {[%clk 1:22:30]} 11. Nc3
{[%clk 1:29:58]} Bf5 {[%clk 1:21:32]} 12. Qc1 {[%clk 1:25:34]} a5
{[%clk 1:03:06]} 13. Rd1 {[%clk 1:19:34]} Nd7 {[%clk 0:50:01]} 14. Nd5
{[%clk 1:17:28]} Bxd3 {[%clk 0:43:49]} 15. Bxd3 {[%clk 1:17:20]} Nce5
{[%clk 0:34:35]} 16. Be2 {[%clk 1:16:15]} Nc5 {[%clk 0:27:58]} 17. Qc2 c6
{[%clk 0:26:25]} 18. Nf4 {[%clk 1:14:10]} f5 {[%clk 0:26:20]} 19. Nd3
{[%clk 1:13:43]} Nexd3 {[%clk 0:21:45]} 20. Bxd3 {[%clk 1:13:28]} Qe7 21. Bf1
Rad8 {[%clk 0:18:17]} 22. Bxg7 {[%clk 1:11:27]} Qxg7 {[%clk 0:18:14]} 23. Rac1
{[%clk 1:11:45]} Qe5 {[%clk 0:17:46]} 24. Qc3 {[%clk 1:11:56]} Ne4
{[%clk 0:13:49]} 25. Qxe5 {[%clk 1:12:18]} dxe5 {[%clk 0:14:11]} 26. f3
{[%clk 1:12:32]} Nc5 {[%clk 0:14:09]} 27. Kf2 {[%clk 1:11:44]} Kf7
{[%clk 0:14:20]} 28. g3 {[%clk 1:10:28]} Ke7 {[%clk 0:14:24]} 29. Ke1
{[%clk 1:10:33]} h5 {[%clk 0:07:22]} 30. Rxd8 {[%clk 1:07:15]} Rxd8
{[%clk 0:07:50]} 31. Rd1 {[%clk 1:07:29]} Rh8 {[%clk 0:07:51]} 32. h4
{[%clk 1:07:28]} Rf8 {[%clk 0:04:15]} 33. Bd3 {[%clk 1:07:14]} e4
{[%clk 0:03:08]} 34. Bc2 {[%clk 1:04:14]} exf3 {[%clk 0:03:28]} 35. Kf2
{[%clk 1:04:40]} Ke6 {[%clk 0:01:35]} 36. Kxf3 {[%clk 1:05:05]} Ke5
{[%clk 0:02:03]} 37. a3 {[%clk 1:05:00]} Ra8 {[%clk 0:02:11]} 38. Rd4
{[%clk 1:04:57]} Ra6 {[%clk 0:01:47]} 39. Rd8 {[%clk 1:04:45]} Rb6
{[%clk 0:01:27]} 40. Re8+ {[%clk 1:02:27]} Kf6 {[%clk 0:01:52]} 41. Rf8+
{[%clk 1:02:38]} Ke7 {[%clk 0:01:46]} 42. Rg8 {[%clk 1:02:11]} Kf7
{[%clk 0:01:22]} 43. Ra8 {[%clk 1:02:19]} Nxb3 {[%clk 0:01:43]} 44. Bxb3
{[%clk 1:02:42]} Rxb3 {[%clk 0:02:11]} 45. Rxa5 {[%clk 1:03:04]} Ke6
{[%clk 0:01:45]} 46. Ra4 {[%clk 0:56:07]} Ke5 {[%clk 0:01:18]} 47. Ra5+
{[%clk 0:54:43]} Kd6 {[%clk 0:01:44]} 48. Kf4 {[%clk 0:43:06]} c5
{[%clk 0:00:33]} 49. Kf3 {[%clk 0:41:07]} Rc3 {[%clk 0:00:43]} 50. Ra4
{[%clk 0:41:19]} Kc7 {[%clk 0:00:44]} 51. Ke2 {[%clk 0:41:40]} Rc2+
{[%clk 0:00:32]} 52. Kf3 {[%clk 0:41:48]} Kb8 {[%clk 0:00:46]} 53. Kf4
{[%clk 0:42:03]} Rg2 {[%clk 0:00:54]} 54. Kf3 {[%clk 0:40:38]} Rc2
{[%clk 0:01:20]} 55. Kf4 {[%clk 0:41:05]} b6 {[%clk 0:01:17]} 56. e4
{[%clk 0:38:29]} fxe4 {[%clk 0:00:37]} 57. Kxe4 {[%clk 0:38:55]} Rf2
{[%clk 0:00:37]} 58. Ke3 {[%clk 0:39:19]} Rf1 {[%clk 0:01:01]} 59. Ke2
{[%clk 0:39:32]} Rf7 {[%clk 0:01:04]} 60. Ke3 {[%clk 0:39:57]} Rd7
{[%clk 0:01:00]} 61. Ke4 {[%clk 0:40:04]} Rd4+ {[%clk 0:00:48]} 62. Ke3
{[%clk 0:40:30]} Rg4 {[%clk 0:00:40]} 63. Kf3 {[%clk 0:40:56]} Kb7
{[%clk 0:01:09]} 64. Kf2 {[%clk 0:41:21]} Re4 {[%clk 0:00:43]} 65. Kf3
{[%clk 0:41:46]} Rd4 {[%clk 0:00:37]} 66. Ke3 {[%clk 0:42:02]} Rd8
{[%clk 0:00:41]} 67. Ke4 {[%clk 0:42:04]} Kb8 {[%clk 0:00:39]} 68. Ra6
{[%clk 0:42:14]} Rd4+ {[%clk 0:00:59]} 69. Ke3 {[%clk 0:42:40]} Kb7
{[%clk 0:01:24]} 70. Ra4 {[%clk 0:43:05]} Rg4 {[%clk 0:00:36]} 71. Kf3
{[%clk 0:43:30]} Kb8 {[%clk 0:00:36]} 72. Ra6 {[%clk 0:43:44]} Kb7
{[%clk 0:01:06]} 73. Ra4 {[%clk 0:44:07]} Rd4 {[%clk 0:00:33]} 1/2-1/2

[Event "14th Iranian Super League (Men - 1st Season) 2015 "]
[Site "Mazandaran (Sari)"]
[Date "2015.07.18"]
[Round "2"]
[Board "3"]
[White "Alavi, Sayed Javad"]
[Black "Asgharzadeh, M.Reza"]
[Result "1-0"]
[WhiteElo "2434"]
[BlackElo "2304"]
[PlyCount "0"]
[EventDate "2015.07.17"]
[EventType "team"]
[EventRounds "13"]
[EventCountry "IRI"]
[WhiteTeam "Esteghlal Tehran"]
[BlackTeam "Damoon sakht Shomal"]

1. e4 {[%clk 1:28:36]} e5 {[%clk 1:30:26]} 2. Nf3 {[%clk 1:28:57]} Nc6
{[%clk 1:30:51]} 3. Bb5 {[%clk 1:29:21]} a6 {[%clk 1:31:10]} 4. Ba4
{[%clk 1:29:45]} Nf6 {[%clk 1:31:34]} 5. O-O {[%clk 1:30:01]} Be7
{[%clk 1:31:57]} 6. Re1 {[%clk 1:30:07]} b5 {[%clk 1:32:21]} 7. Bb3
{[%clk 1:30:33]} d6 {[%clk 1:32:49]} 8. c3 {[%clk 1:30:32]} O-O {[%clk 1:33:11]}
9. h3 {[%clk 1:30:58]} Nb8 {[%clk 1:33:08]} 10. d4 {[%clk 1:31:10]} Nbd7
{[%clk 1:33:32]} 11. Nbd2 {[%clk 1:29:41]} Bb7 {[%clk 1:33:53]} 12. Bc2
{[%clk 1:30:09]} Re8 {[%clk 1:34:16]} 13. Nf1 {[%clk 1:30:12]} Bf8
{[%clk 1:34:39]} 14. Ng3 {[%clk 1:30:36]} g6 {[%clk 1:34:53]} 15. a4
{[%clk 1:30:24]} c5 {[%clk 1:33:00]} 16. d5 {[%clk 1:28:56]} c4 {[%clk 1:31:30]}
17. Bg5 {[%clk 1:29:20]} h6 {[%clk 1:28:44]} 18. Be3 {[%clk 1:29:21]} Nc5
{[%clk 1:28:33]} 19. Qd2 {[%clk 1:27:53]} Kh7 {[%clk 1:28:53]} 20. Ra3
{[%clk 1:15:29]} Qc7 {[%clk 1:21:13]} 21. Rea1 {[%clk 1:13:43]} Bg7
{[%clk 1:15:06]} 22. R1a2 {[%clk 1:06:09]} Nfd7 {[%clk 1:11:24]} 23. Nh2
{[%clk 0:48:33]} Nb6 {[%clk 1:09:50]} 24. axb5 {[%clk 0:41:15]} axb5 25. h4 Rxa3
{[%clk 1:04:54]} 26. Rxa3 {[%clk 0:30:44]} Ra8 {[%clk 1:05:14]} 27. Rxa8
{[%clk 0:29:16]} Nxa8 {[%clk 1:05:11]} 28. h5 {[%clk 0:28:27]} Bc8
{[%clk 1:05:29]} 29. Bd1 {[%clk 0:23:57]} Nb6 {[%clk 1:00:42]} 30. Ng4
{[%clk 0:13:38]} Bxg4 {[%clk 0:58:23]} 31. Bxg4 {[%clk 0:14:03]} Nba4
{[%clk 0:53:45]} 32. Bd1 {[%clk 0:07:13]} Qd8 {[%clk 0:36:34]} 33. Bxa4
{[%clk 0:05:55]} Nxa4 {[%clk 0:35:27]} 34. Qc1 {[%clk 0:04:33]} Qc8
{[%clk 0:31:32]} 35. Qd2 {[%clk 0:04:24]} Qg4 {[%clk 0:30:18]} 36. Qc2
{[%clk 0:03:14]} Nc5 {[%clk 0:21:07]} 37. Bxc5 {[%clk 0:03:26]} dxc5
{[%clk 0:21:35]} 38. Qe2 {[%clk 0:01:31]} Qd7 {[%clk 0:20:01]} 39. Qf3
{[%clk 0:01:27]} Kg8 {[%clk 0:17:29]} 40. Nf1 {[%clk 0:01:13]} Qd6
{[%clk 0:06:28]} 41. Qg4 {[%clk 0:01:38]} gxh5 {[%clk 0:06:35]} 42. Qxh5
{[%clk 0:01:48]} Qg6 {[%clk 0:06:59]} 43. Qf3 {[%clk 0:00:43]} Bf6
{[%clk 0:06:35]} 44. Ne3 {[%clk 0:00:59]} Bg5 {[%clk 0:06:54]} 45. Nf5
{[%clk 0:00:59]} Qa6 {[%clk 0:06:57]} 46. Qd1 {[%clk 0:00:43]} Kf8
{[%clk 0:04:15]} 47. d6 {[%clk 0:00:55]} Qc6 {[%clk 0:03:47]} 48. Qf3
{[%clk 0:01:00]} b4 {[%clk 0:02:34]} 49. Nxh6 {[%clk 0:00:44]} Bxh6
{[%clk 0:02:54]} 50. Qf6 {[%clk 0:01:12]} Kg8 {[%clk 0:00:38]} 51. Qxh6
{[%clk 0:01:35]} Qxe4 {[%clk 0:00:35]} 52. d7 {[%clk 0:01:23]} Qb1+
{[%clk 0:00:34]} 53. Kh2 {[%clk 0:01:51]} 1-0

[Event "14th Iranian Super League (Men - 1st Season) 2015 "]
[Site "Mazandaran (Sari)"]
[Date "2015.07.18"]
[Round "2"]
[Board "4"]
[White "Khamisi, S Jafar"]
[Black "Darban, Morteza"]
[Result "1-0"]
[WhiteElo "2148"]
[BlackElo "2334"]
[PlyCount "0"]
[EventDate "2015.07.17"]
[EventType "team"]
[EventRounds "13"]
[EventCountry "IRI"]
[WhiteTeam "Damoon sakht Shomal"]
[BlackTeam "Esteghlal Tehran"]

1. e4 {[%clk 1:30:34]} Nf6 {[%clk 1:29:54]} 2. e5 {[%clk 1:30:10]} Nd5
{[%clk 1:30:22]} 3. d4 {[%clk 1:29:50]} d6 {[%clk 1:30:49]} 4. Nf3
{[%clk 1:29:45]} g6 {[%clk 1:31:17]} 5. Be2 {[%clk 1:27:07]} Bg7 {[%clk 1:30:45]}
6. O-O {[%clk 1:26:49]} O-O {[%clk 1:31:08]} 7. Re1 {[%clk 1:25:09]} dxe5
{[%clk 1:02:39]} 8. Nxe5 {[%clk 1:09:15]} Nd7 {[%clk 0:57:38]} 9. Nf3
{[%clk 1:01:10]} N7b6 {[%clk 0:44:14]} 10. c4 {[%clk 0:39:10]} Nb4 11. Qb3
{[%clk 0:33:25]} a5 {[%clk 0:39:05]} 12. Be3 {[%clk 0:28:03]} Bf5
{[%clk 0:34:07]} 13. Na3 {[%clk 0:26:50]} e6 {[%clk 0:23:54]} 14. Ne5
{[%clk 0:16:53]} Be4 {[%clk 0:22:00]} 15. Red1 {[%clk 0:05:51]} Qe7
{[%clk 0:20:06]} 16. Rd2 {[%clk 0:05:25]} Rfd8 {[%clk 0:19:22]} 17. Nb5
{[%clk 0:04:13]} c5 {[%clk 0:08:41]} 18. Nf3 {[%clk 0:00:49]} a4 {[%clk 0:07:26]}
19. Qd1 {[%clk 0:00:46]} Bxf3 {[%clk 0:07:13]} 20. gxf3 {[%clk 0:01:13]} cxd4
{[%clk 0:07:17]} 21. Nxd4 {[%clk 0:01:03]} Nd7 {[%clk 0:06:36]} 22. a3
{[%clk 0:01:11]} Nc6 {[%clk 0:06:00]} 23. Nxc6 {[%clk 0:00:42]} bxc6
{[%clk 0:06:28]} 24. Qc2 {[%clk 0:00:37]} Nc5 {[%clk 0:06:15]} 25. Rad1
{[%clk 0:00:45]} Nb3 {[%clk 0:06:18]} 26. Rxd8+ {[%clk 0:01:01]} Rxd8
{[%clk 0:06:45]} 27. Qe4 {[%clk 0:01:04]} Rxd1+ {[%clk 0:05:54]} 28. Bxd1
{[%clk 0:01:26]} Qd7 {[%clk 0:05:41]} 29. Qb1 {[%clk 0:00:49]} h5
{[%clk 0:02:11]} 30. Kg2 {[%clk 0:00:38]} Qd8 {[%clk 0:02:08]} 31. Bxb3
{[%clk 0:00:32]} axb3 {[%clk 0:02:35]} 32. a4 {[%clk 0:00:35]} Qa5
{[%clk 0:01:44]} 33. Qa1 {[%clk 0:00:45]} Bf8 {[%clk 0:02:12]} 34. c5
{[%clk 0:00:58]} Bxc5 {[%clk 0:01:05]} 35. Bxc5 {[%clk 0:01:23]} Qxc5
{[%clk 0:01:32]} 36. a5 {[%clk 0:01:45]} Kf8 {[%clk 0:00:57]} 37. a6
{[%clk 0:01:49]} Qa7 {[%clk 0:01:26]} 38. Qa4 {[%clk 0:02:06]} Qa8
{[%clk 0:00:33]} 39. Qb4+ {[%clk 0:01:34]} Kg7 {[%clk 0:00:57]} 40. Qb7
{[%clk 0:01:23]} Qd8 {[%clk 0:01:26]} 41. Qxb3 {[%clk 0:00:34]} Qg5+
{[%clk 0:01:52]} 42. Kf1 {[%clk 0:00:43]} Qc1+ {[%clk 0:01:18]} 43. Ke2
{[%clk 0:00:53]} Qa1 {[%clk 0:01:08]} 44. Qa3 {[%clk 0:00:59]} Qb1
{[%clk 0:00:41]} 45. a7 {[%clk 0:01:06]} Qc2+ {[%clk 0:00:56]} 46. Ke3
{[%clk 0:01:05]} Qc1+ {[%clk 0:01:20]} 47. Kd4 {[%clk 0:01:02]} c5+
{[%clk 0:00:36]} 48. Kd3 {[%clk 0:00:53]} Qd1+ {[%clk 0:00:37]} 49. Kc4
{[%clk 0:01:01]} Qd5+ {[%clk 0:00:37]} 50. Kb5 {[%clk 0:01:22]} c4+
{[%clk 0:00:33]} 51. Kb4 {[%clk 0:01:09]} Qd6+ {[%clk 0:00:49]} 52. Kxc4
{[%clk 0:01:22]} Qd5+ {[%clk 0:01:07]} 53. Kb4 {[%clk 0:01:28]} Qb7+
{[%clk 0:00:46]} 54. Kc5 {[%clk 0:01:07]} Qd5+ {[%clk 0:01:15]} 55. Kb6
{[%clk 0:01:23]} Qd8+ {[%clk 0:01:20]} 56. Kc6 {[%clk 0:01:37]} Qc8+
{[%clk 0:00:38]} 57. Kb6 {[%clk 0:01:33]} Qd8+ {[%clk 0:01:02]} 58. Kb5
{[%clk 0:01:32]} Qd7+ {[%clk 0:01:22]} 59. Kb4 {[%clk 0:01:35]} Qb7+
{[%clk 0:01:22]} 60. Kc3 {[%clk 0:00:45]} Qxf3+ {[%clk 0:01:38]} 61. Kc2
{[%clk 0:00:54]} Qe4+ {[%clk 0:00:50]} 62. Kb3 {[%clk 0:00:38]} Qd5+
{[%clk 0:01:09]} 63. Kc2 {[%clk 0:00:49]} Qe4+ {[%clk 0:01:25]} 64. Kd1
{[%clk 0:00:39]} Qd5+ {[%clk 0:00:43]} 65. Kc1 {[%clk 0:00:53]} Qh1+
{[%clk 0:01:07]} 66. Kd2 {[%clk 0:00:57]} Qd5+ {[%clk 0:01:33]} 67. Qd3
{[%clk 0:00:42]} Qa2 {[%clk 0:01:54]} 68. Qd4+ {[%clk 0:00:51]} Kh7
{[%clk 0:02:04]} 69. Qb6 {[%clk 0:00:48]} Qd5+ {[%clk 0:02:06]} 70. Kc3
{[%clk 0:00:58]} Qf3+ {[%clk 0:01:16]} 71. Kb4 {[%clk 0:01:03]} Qe4+
{[%clk 0:00:38]} 72. Kb5 {[%clk 0:01:12]} Qd5+ {[%clk 0:00:39]} 73. Ka6
{[%clk 0:01:08]} e5 {[%clk 0:00:37]} 74. b4 {[%clk 0:01:07]} e4 {[%clk 0:00:35]}
75. Qb7 {[%clk 0:00:39]} Qa2+ {[%clk 0:01:02]} 76. Kb5 {[%clk 0:00:52]} Qe2+
{[%clk 0:01:16]} 77. Kc6 {[%cl

[Event "14th Iranian Super League (Men - 1st Season) 2015 "]
[Site "Mazandaran (Sari)"]
[Date "2015.07.18"]
[Round "3"]
[Board "2"]
[White "Khademi, Mohammad Miran"]
[Black "Gholami, Aryan"]
[Result "0-1"]
[WhiteElo "2282"]
[BlackElo "2387"]
[PlyCount "0"]
[EventDate "2015.07.17"]
[EventType "team"]
[EventRounds "13"]
[EventCountry "IRI"]
[WhiteTeam "Bank Sarmaye"]
[BlackTeam "Rah & Shahrsazi Lorestan"]

1. e4 {[%clk 1:24:39]} c5 {[%clk 1:30:48]} 2. Nc3 {[%clk 1:24:57]} e6
{[%clk 1:30:48]} 3. f4 {[%clk 1:23:37]} d5 {[%clk 1:30:11]} 4. Bb5+
{[%clk 1:23:58]} Bd7 {[%clk 1:28:53]} 5. Bxd7+ {[%clk 1:24:18]} Qxd7
{[%clk 1:29:12]} 6. d3 {[%clk 1:23:28]} Nc6 {[%clk 1:27:43]} 7. Nf3
{[%clk 1:23:49]} dxe4 8. Nxe4 {[%clk 1:22:34]} f5 {[%clk 1:18:17]} 9. Ned2
{[%clk 1:21:04]} Nf6 {[%clk 1:15:53]} 10. Nc4 {[%clk 1:20:47]} Bd6
{[%clk 1:15:24]} 11. O-O {[%clk 1:03:02]} O-O {[%clk 1:15:04]} 12. a4
{[%clk 1:03:17]} Nd5 {[%clk 1:12:32]} 13. g3 {[%clk 1:03:28]} Rae8
{[%clk 1:12:25]} 14. Re1 {[%clk 1:02:58]} Bc7 {[%clk 1:11:55]} 15. b3
{[%clk 1:01:47]} e5 16. fxe5 {[%clk 0:31:22]} f4 {[%clk 1:01:45]} 17. Bxf4
{[%clk 0:31:40]} Nxf4 {[%clk 1:00:56]} 18. gxf4 {[%clk 0:32:04]} Rxf4
{[%clk 0:59:44]} 19. Re3 {[%clk 0:29:34]} Nxe5 {[%clk 0:56:45]} 20. Ncxe5
{[%clk 0:29:29]} Bxe5 {[%clk 0:57:01]} 21. Nxe5 {[%clk 0:21:36]} Qd4
{[%clk 0:43:42]} 22. Nc4 {[%clk 0:21:50]} Rxe3 {[%clk 0:43:11]} 23. Nxe3
{[%clk 0:22:12]} Qxe3+ {[%clk 0:43:27]} 24. Kh1 {[%clk 0:22:36]} Qe6
{[%clk 0:35:13]} 25. Qh5 {[%clk 0:09:43]} Qc6+ {[%clk 0:33:56]} 26. Kg1
{[%clk 0:10:01]} Rf6 {[%clk 0:33:08]} 27. Qh3 {[%clk 0:07:14]} Rh6
{[%clk 0:26:14]} 28. Qe3 {[%clk 0:06:43]} Rg6+ {[%clk 0:26:24]} 29. Kf1
{[%clk 0:07:00]} Qf6+ {[%clk 0:25:21]} 0-1

[Event "14th Iranian Super League (Men - 1st Season) 2015 "]
[Site "Mazandaran (Sari)"]
[Date "2015.07.18"]
[Round "3"]
[Board "3"]
[White "Grabliauskas, Virginijus"]
[Black "Noroozi, Omid"]
[Result "1-0"]
[WhiteElo "2334"]
[BlackElo "2364"]
[PlyCount "0"]
[EventDate "2015.07.17"]
[EventType "team"]
[EventRounds "13"]
[EventCountry "IRI"]
[WhiteTeam "Rah & Shahrsazi Lorestan"]
[BlackTeam "Bank Sarmaye"]

1. Nf3 {[%clk 1:30:57]} d5 {[%clk 1:24:46]} 2. g3 {[%clk 1:31:31]} c6
{[%clk 1:24:56]} 3. Bg2 {[%clk 1:31:42]} Bg4 {[%clk 1:25:19]} 4. O-O
{[%clk 1:31:04]} Nd7 {[%clk 1:25:44]} 5. d4 {[%clk 1:30:45]} Ngf6
{[%clk 1:24:20]} 6. Nbd2 {[%clk 1:30:49]} e6 {[%clk 1:24:20]} 7. Re1
{[%clk 1:31:03]} Be7 {[%clk 1:21:59]} 8. e4 {[%clk 1:30:43]} dxe4
{[%clk 1:22:21]} 9. Nxe4 {[%clk 1:31:10]} O-O {[%clk 1:21:03]} 10. c3
{[%clk 1:30:35]} Qb6 {[%clk 1:09:45]} 11. Qb3 {[%clk 1:22:34]} Rac8
{[%clk 1:06:37]} 12. Nxf6+ {[%clk 1:02:49]} Bxf6 {[%clk 1:06:22]} 13. h3
{[%clk 0:59:05]} Bxf3 {[%clk 0:59:40]} 14. Bxf3 {[%clk 0:53:46]} Rfe8 15. Bf4
{[%clk 0:46:27]} Rcd8 {[%clk 0:53:11]} 16. Re2 {[%clk 0:44:06]} Qxb3
{[%clk 0:47:12]} 17. axb3 {[%clk 0:44:23]} a6 {[%clk 0:47:41]} 18. h4
{[%clk 0:42:01]} Be7 {[%clk 0:46:19]} 19. Bg2 {[%clk 0:36:50]} Nf6
{[%clk 0:46:42]} 20. Rae1 {[%clk 0:36:03]} Bd6 {[%clk 0:46:50]} 21. Bc1
{[%clk 0:35:54]} Re7 {[%clk 0:46:27]} 22. Bh3 {[%clk 0:33:00]} c5
{[%clk 0:45:13]} 23. Be3 {[%clk 0:27:43]} Rc7 {[%clk 0:38:39]} 24. Bg2
{[%clk 0:25:45]} b6 {[%clk 0:37:30]} 25. Rd2 {[%clk 0:24:24]} Rf8
{[%clk 0:28:28]} 26. dxc5 {[%clk 0:22:53]} Bxc5 {[%clk 0:28:57]} 27. Bf4
{[%clk 0:22:57]} Rd7 {[%clk 0:28:57]} 28. Rxd7 {[%clk 0:18:26]} Nxd7
{[%clk 0:29:24]} 29. b4 {[%clk 0:18:48]} e5 {[%clk 0:20:53]} 30. Bg5
{[%clk 0:16:00]} h6 {[%clk 0:20:45]} 31. bxc5 {[%clk 0:16:12]} hxg5
{[%clk 0:21:14]} 32. c6 {[%clk 0:16:18]} Nc5 {[%clk 0:21:27]} 33. hxg5
{[%clk 0:16:07]} Re8 {[%clk 0:17:56]} 34. b4 {[%clk 0:15:09]} Ne6
{[%clk 0:12:03]} 35. Rxe5 {[%clk 0:14:05]} Nc7 {[%clk 0:12:32]} 36. Rf5
{[%clk 0:10:45]} Re1+ {[%clk 0:12:32]} 37. Kh2 {[%clk 0:11:04]} Rc1
{[%clk 0:08:10]} 38. Rf3 {[%clk 0:10:17]} Kf8 {[%clk 0:08:02]} 39. Rd3
{[%clk 0:10:24]} Re1 {[%clk 0:08:31]} 40. c4 {[%clk 0:08:57]} Ke8
{[%clk 0:08:47]} 41. f4 {[%clk 0:08:44]} Rb1 {[%clk 0:08:41]} 42. Rd7
{[%clk 0:08:18]} Ne6 {[%clk 0:09:10]} 43. f5 {[%clk 0:07:10]} Nxg5
{[%clk 0:09:38]} 44. Rd4 {[%clk 0:06:19]} 1-0

[Event "14th Iranian Super League (Men - 1st Season) 2015 "]
[Site "Mazandaran (Sari)"]
[Date "2015.07.18"]
[Round "3"]
[Board "4"]
[White "Khaghani, Babak"]
[Black "Mosadeghpour, Masoud"]
[Result "0-1"]
[WhiteElo "2321"]
[BlackElo "2370"]
[PlyCount "0"]
[EventDate "2015.07.17"]
[EventType "team"]
[EventRounds "13"]
[EventCountry "IRI"]
[WhiteTeam "Bank Sarmaye"]
[BlackTeam "Rah & Shahrsazi Lorestan"]

1. g3 {[%clk 1:24:50]} Nf6 {[%clk 1:30:45]} 2. Bg2 {[%clk 1:25:16]} d5
{[%clk 1:31:04]} 3. d3 {[%clk 1:25:31]} g6 {[%clk 1:30:29]} 4. Nd2
{[%clk 1:21:58]} Bg7 {[%clk 1:30:28]} 5. Ngf3 {[%clk 1:19:02]} O-O
{[%clk 1:29:00]} 6. O-O {[%clk 1:19:12]} c5 {[%clk 1:28:53]} 7. c3
{[%clk 1:17:31]} Nc6 {[%clk 1:28:48]} 8. Qc2 {[%clk 1:17:56]} b6 {[%clk 1:27:35]}
9. Re1 {[%clk 1:14:54]} Ba6 {[%clk 1:25:20]} 10. Qa4 {[%clk 1:12:39]} Qc8
{[%clk 1:18:02]} 11. h3 {[%clk 0:58:06]} Re8 {[%clk 1:13:57]} 12. e4
{[%clk 0:54:50]} Bxd3 13. exd5 {[%clk 0:38:08]} Nxd5 {[%clk 1:02:09]} 14. Ng5
{[%clk 0:35:13]} e6 {[%clk 1:01:46]} 15. a3 {[%clk 0:23:30]} h6 {[%clk 0:59:03]}
16. Nge4 {[%clk 0:19:06]} Qc7 {[%clk 0:53:08]} 17. Nf1 {[%clk 0:17:46]} c4
{[%clk 0:51:30]} 18. Ne3 {[%clk 0:16:38]} Nce7 {[%clk 0:49:53]} 19. Nxd5
{[%clk 0:14:35]} Nxd5 {[%clk 0:49:30]} 20. h4 {[%clk 0:13:07]} a6
{[%clk 0:43:49]} 21. Qd1 {[%clk 0:07:28]} Rad8 {[%clk 0:42:34]} 22. Qa4
{[%clk 0:06:30]} f5 {[%clk 0:40:32]} 23. Nd2 {[%clk 0:05:16]} b5 {[%clk 0:40:20]}
24. Qxa6 {[%clk 0:03:52]} Ra8 {[%clk 0:39:32]} 25. Qxb5 {[%clk 0:02:25]} Reb8
{[%clk 0:39:12]} 26. Bxd5 {[%clk 0:02:50]} Rxb5 {[%clk 0:39:34]} 27. Bxa8
{[%clk 0:03:18]} Qb8 {[%clk 0:37:46]} 28. Bg2 {[%clk 0:03:00]} Rxb2
{[%clk 0:38:11]} 29. Rxe6 {[%clk 0:01:21]} Rb6 {[%clk 0:37:20]} 30. Rxb6
{[%clk 0:00:40]} Qxb6 {[%clk 0:37:49]} 31. Bd5+ {[%clk 0:00:59]} Kh7
{[%clk 0:38:14]} 32. Nxc4 {[%clk 0:00:39]} Qc5 {[%clk 0:38:16]} 33. Ne3
{[%clk 0:00:33]} Qxc3 {[%clk 0:38:39]} 34. Ra2 {[%clk 0:00:36]} Qxc1+ 35. Kg2 Bd4
{[%clk 0:38:14]} 36. Kf3 {[%clk 0:00:51]} 0-1